| 000 | 00540nam a2200193 a 4500 | ||
|---|---|---|---|
| 001 | 52746 | ||
| 005 | 20180714042720.0 | ||
| 008 | 140415s1959 000 0 spa d | ||
| 041 | _aspa | ||
| 082 |
_a128.3 _bKEL |
||
| 100 | 1 | _aKELEY, EARL C. | |
| 245 | 1 | 0 | _aEDUCACION Y NATURALEZA DEL HOMBRE |
| 260 |
_a[s.l.] : _bAGORA, _c1959 |
||
| 300 | _a231 | ||
| 490 |
_aHOMBRES Y PROBLEMAS _v23 |
||
| 650 | 1 | 4 |
_aANTROPOLOGIA FILOSOFICA _xHOMBRE _xHUMANISMO |
| 700 | 1 |
_aMARINO, MARIO A. _etr. |
|
| 700 | 1 |
_aRASEY, MARIE I. _ecoaut. |
|
| 999 |
_c52746 _d52746 |
||